00532nam a22001937a 450000500170000001000130001702000100003003500130004003700160005304000120006908200130008110000200009424500720011426000440018627000500023030000200028065000190030065000190031920170124110144.0 aA-605645 c00.00 aA-605645 bCen Lib/Ret aDPLbEN a648bMEH aMehra, Pramila  aThe working women's guide to good housekeeping /cby Pramila Mehra  aNew DelhibVikas Publishing Housec1993 bNew Delhia576, Masjid Road Jangpura e110014 a162p.c17cm(Hb) aHouse keeping  aHouse hegiene